| 000 | 00585nam a2200217 a 4500 | ||
|---|---|---|---|
| 001 | BRCA_30 | ||
| 005 | 20190320202843.0 | ||
| 008 | 990628s1999 sp-a---##b---#001-0#spa-# | ||
| 041 | _asp | ||
| 044 | _aspa | ||
| 050 | 4 |
_aAM5 _b.A42 1999 |
|
| 100 | 1 |
_aAlonso Fernández, Luis _9143 |
|
| 245 | 1 | 0 |
_aMuseología y museografía _cLuis Alonso Fernández. |
| 260 |
_aBarcelona _bSerbal _c1999 |
||
| 300 |
_a383 p. _bil. _c24 cm. |
||
| 500 | _aIncluye índice nominal y temático | ||
| 504 | _aIncluye bibliografía | ||
| 650 | 1 | 4 |
_aMuseos _9144 |
| 650 | 1 | 4 |
_aMuseografía _9145 |
| 942 |
_2lcc _cB |
||
| 999 |
_c30 _d30 |
||